000 00249nam a2200109 a 4500
008 110426s1977|||| d
245 1 0 _aRuština pre dospelých
260 _c1977
_aBratislava
_bSPN
020 _c30
044 _axo
_cSK
041 _aslo
999 _c19166
_d19166